RetroAchievements - Most Played Games - Statistics

General Stats
  • This quiz has been taken 4 times
  • The average score is 6 of 25
Answer Stats
Game Title Platform % Correct
Super Mario Bros. SNES
100%
The Legend of Zelda NES
75%
Sonic the Hedgehog Sega Genesis
50%
Tetris NES
50%
Castlevania: Symphony of the Night PS1
25%
Crash Bandicoot PS1
25%
Donkey Kong Country SNES
25%
Donkey Kong Country 2: Diddy's Kong Quest SNES
25%
Mario Kart 64 N64
25%
Pokemon Emerald Version GBA
25%
Pokemon FireRed Version GBA
25%
Silent Hill PS1
25%
Super Mario 64 N64
25%
Super Mario Bros. 3 NES
25%
Super Mario Land Game Boy
25%
Super Mario World NES
25%
The Legend of Zelda: A Link to the Past SNES
25%
Castlevania: Aria of Sorrow GBA
0%
Chrono Trigger SNES
0%
God of War PS2
0%
God of War II PS2
0%
Metroid: Zero Mission GBA
0%
Super Mario All-Stars SNES
0%
Super Metroid SNES
0%
Tekken 3 PS1
0%
No matching quizzes found
Score Distribution
Percent of People with Each Score
Percentile by Number Answered
Your Score History
You have not taken this quiz